Asian Countries Quiz - Statistics

General Stats
  • This quiz has been taken 26 times
  • The average score is 12 of 15
Answer Stats
Hint Answer % Correct
Biggest Asian country China
100%
Only country in the world that starts with O Oman
100%
Only country in the world that startts with Q Qatar
100%
Only Country in the world that starts with Y Yemen
100%
Most humid Asian Country Indonesia
95%
What country has most of its land in Asia Russia
95%
Asian country with the tallest building United Arab Emirates
95%
Only Asian country to start with V Vietnam
90%
What asian country has the highest number of Deaf people India
81%
Only Asian country starting with "S" and ending with "E" Singapore
81%
Smallest Asian country Maldives
76%
Only Asian country starting with G Georgia
71%
What is the western most Asian country Turkey
71%
What is the southernmost Asian country Malaysia
43%
what Asian country is farthest away from any body of water Kyrgystan
10%
No matching quizzes found
Score Distribution
Percent of People with Each Score
Percentile by Number Answered
Your Score History
You have not taken this quiz